[Event "EU-ch rapid"]
[Site "Tallinn"]
[Date "2019.12.06"]
[Round "9"]
[White "Dubrovin, Robert"]
[Black "Shishkov, Andrei"]
[Result "1/2-1/2"]
[WhiteElo "2235"]
[BlackElo "2352"]
[PlyCount "105"]
[EventDate "2019.12.05"]
[EventType "swiss"]
[EventRounds "13"]
[EventCountry "EST"]
[SourceTitle "CBM 193 Extra"]
[Source "ChessBase"]
[SourceDate "2020.01.31"]
[SourceVersion "1"]
[SourceVersionDate "2020.01.31"]
[SourceQuality "1"]

1. d4 d5 2. c4 e6 3. Nf3 a6 4. Nbd2 Nf6 5. g3 c5 6. cxd5 exd5 7. Bg2 Nc6 8. dxc5 Bxc5 9. 0-0 0-0 10. Nb3 Ba7 11. Nbd4 Re8 12. Bf4 Nxd4 13. Nxd4 Qb6 14. Nb3 Bg4 15. Bf3 Bh3 16. Bg2 Qe6 17. Re1 Bxg2 18. Kxg2 h6 19. Qd3 Ng4 20. Rf1 Qxe2 21. Qxe2 Rxe2 22. Kf3 Rxf2+ 23. Kxg4 Rxh2 24. Kf3 Rxb2 25. Be5 Rc2 26. Bd4 Bxd4 27. Nxd4 Rc3+ 28. Kg2 Rac8 29. Nf5 Rc2+ 30. Rf2 Rxf2+ 31. Kxf2 Rc2+ 32. Ke3 Kf8 33. a4 h5 34. Rb1 g6 35. Nd4 Rc3+ 36. Kf4 Rc7 37. Ke5 Rd7 38. Rb6 Ke7 39. a5 Kd8 40. Rd6 Rxd6 41. Kxd6 g5 42. Nf5 h4 43. g4 h3 44. Kxd5 h2 45. Ng3 Kc7 46. Nh1 f6 47. Kc5 Kd7 48. Kb6 Kc8 49. Ng3 Kb8 50. Nh1 Kc8 51. Ng3 Kb8 52. Nh1 Kc8 53. Ng3 1/2-1/2

[Event "Puhajarve rap op 20th"]
[Site "Puhajarve"]
[Date "2019.11.29"]
[Round "10"]
[White "Dubrovin, Robert"]
[Black "Kiik, Kalle"]
[Result "1-0"]
[WhiteElo "2215"]
[BlackElo "2390"]
[PlyCount "79"]
[EventDate "2019.11.29"]
[EventType "tourn (rapid)"]
[EventRounds "35"]
[EventCountry "EST"]
[SourceTitle "CBM 193 Extra"]
[Source "ChessBase"]
[SourceDate "2020.01.31"]
[SourceVersion "1"]
[SourceVersionDate "2020.01.31"]
[SourceQuality "1"]

1. d4 d5 2. c4 e5 3. dxe5 d4 4. a3 Nc6 5. e3 Bf5 6. Nf3 d3 7. Nc3 Nge7 8. e4 Bg4 9. Qxd3 Qxd3 10. Bxd3 Bxf3 11. gxf3 Nxe5 12. Be2 0-0-0 13. Be3 N7c6 14. f4 Nd3+ 15. Bxd3 Rxd3 16. Ke2 Rd7 17. Rad1 Rxd1 18. Rxd1 Na5 19. Kd3 Be7 20. Nd5 Bh4 21. b4 Nc6 22. Rg1 g6 23. b5 Na5 24. Rg4 Bd8 25. Bd4 Re8 26. Nf6 Bxf6 27. Bxf6 c6 28. Rg1 Re6 29. e5 b6 30. f5 Re8 31. h4 cxb5 32. cxb5 Nb7 33. h5 Nc5+ 34. Kc4 Nd7 35. hxg6 fxg6 36. fxg6 hxg6 37. Kd5 Nf8 38. Rc1+ Kd7 39. Rc6 Ne6 40. Rd6+ 1-0

[Event "Chigorin Memorial 27th"]
[Site "St Petersburg"]
[Date "2019.10.10"]
[Round "6"]
[White "Dubrovin, Robert"]
[Black "Klevets, Ksenia"]
[Result "1-0"]
[WhiteElo "2224"]
[BlackElo "1842"]
[PlyCount "101"]
[EventDate "2019.10.05"]
[EventType "swiss"]
[EventRounds "9"]
[EventCountry "RUS"]
[SourceTitle "EXT 2020"]
[Source "ChessBase"]
[SourceDate "2019.10.17"]
[SourceVersion "1"]
[SourceVersionDate "2019.10.17"]
[SourceQuality "1"]

1. e4 c5 2. Nf3 Nc6 3. Bb5 e6 4. 0-0 Nge7 5. Re1 g6 6. c3 Bg7 7. e5 d6 8. exd6 Qxd6 9. d4 0-0 10. dxc5 Qxc5 11. a4 Rd8 12. Qe2 Nf5 13. Nbd2 Bd7 14. Ne4 Qe7 15. b3 Ne5 16. Nxe5 Bxe5 17. Ba3 Bd6 18. Nxd6 Nxd6 19. Qe5 Bxb5 20. axb5 Qc7 21. c4 Ne8 22. Qc3 Ng7 23. Bb2 f5 24. Qxg7+ Qxg7 25. Bxg7 Kxg7 26. Rxe6 Kf7 27. Rae1 Rd7 28. h4 a6 29. bxa6 Rxa6 30. Rxa6 bxa6 31. Ra1 Rd6 32. Kf1 Rb6 33. Ra3 Ke6 34. Ke2 Rd6 35. Ke3 h6 36. c5 Rc6 37. Kd4 f4 38. b4 g5 39. hxg5 hxg5 40. Rh3 Kd7 41. Kd5 Rf6 42. Rh7+ Kc8 43. Rg7 f3 44. g3 Rh6 45. Rxg5 Rh2 46. Kc6 Kd8 47. Rd5+ Ke7 48. Rd2 Rh1 49. Rd3 Rb1 50. Rxf3 Rxb4 51. Ra3 1-0

[Event "Chigorin Memorial 27th"]
[Site "St Petersburg"]
[Date "2019.10.09"]
[Round "5"]
[White "Polschikov, Alexey"]
[Black "Dubrovin, Robert"]
[Result "1-0"]
[WhiteElo "2416"]
[BlackElo "2224"]
[PlyCount "89"]
[EventDate "2019.10.05"]
[EventType "swiss"]
[EventRounds "9"]
[EventCountry "RUS"]
[SourceTitle "EXT 2020"]
[Source "ChessBase"]
[SourceDate "2019.10.17"]
[SourceVersion "1"]
[SourceVersionDate "2019.10.17"]
[SourceQuality "1"]

1. Nf3 Nf6 2. c4 g6 3. Nc3 Bg7 4. e4 d6 5. d4 0-0 6. Be2 Nbd7 7. 0-0 e5 8. d5 Nc5 9. Qc2 a5 10. Bg5 h6 11. Be3 b6 12. Nd2 Bg4 13. f3 Bd7 14. Rfe1 Nh5 15. Bf1 Bf6 16. Bxh6 Bg5 17. Bxf8 Qxf8 18. Nb3 Qh6 19. Nxc5 bxc5 20. Qf2 Kg7 21. g3 Rh8 22. Re2 f5 23. Rb1 Rf8 24. a3 Bd8 25. b4 cxb4 26. axb4 axb4 27. Rxb4 Nf6 28. exf5 gxf5 29. c5 Qc1 30. Rc2 Qa3 31. Rb7 dxc5 32. Qe3 c4 33. Qxe5 Qc5+ 34. Kg2 Re8 35. Qf4 Nh5 36. Qxc4 Qd6 37. Ne2 Re5 38. Qd4 Kh7 39. Nf4 Nxf4+ 40. Qxf4 Qxd5 41. Rd2 Qxb7 42. Rxd7+ Re7 43. Qxf5+ Kg7 44. Qg5+ Kf7 45. Rxd8 1-0

[Event "Riga Tal Memorial blitz"]
[Site "Riga"]
[Date "2019.07.18"]
[Round "2"]
[White "Dubrovin, Robert"]
[Black "Popov, Ivan1111"]
[Result "0-1"]
[WhiteElo "2273"]
[BlackElo "2599"]
[PlyCount "32"]
[EventDate "2019.07.18"]
[EventType "swiss (blitz)"]
[EventRounds "13"]
[EventCountry "LAT"]
[SourceTitle "CBM 191 Extra"]
[Source "ChessBase"]
[SourceDate "2019.09.30"]
[SourceVersion "1"]
[SourceVersionDate "2019.09.30"]
[SourceQuality "1"]

1. d4 Nf6 2. c4 b6 3. Nf3 Bb7 4. g3 g6 5. Bg2 Bg7 6. 0-0 0-0 7. Nc3 Ne4 8. Nxe4 Bxe4 9. b3 c5 10. Bb2 Nc6 11. e3 d5 12. Qd2 dxc4 13. bxc4 cxd4 14. exd4 Bxf3 15. Bxf3 Nxd4 16. Bd5 Nf3+ 0-1

[Event "Riga RTU rapid op"]
[Site "Riga"]
[Date "2019.07.04"]
[Round "4"]
[White "Dubrovin, Robert"]
[Black "Saduakassova, Dinara"]
[Result "0-1"]
[WhiteElo "2282"]
[BlackElo "2437"]
[PlyCount "58"]
[EventDate "2019.07.04"]
[EventType "swiss (rapid)"]
[EventRounds "9"]
[EventCountry "LAT"]
[SourceTitle "EXT 2020"]
[Source "ChessBase"]
[SourceDate "2019.10.17"]
[SourceVersion "1"]
[SourceVersionDate "2019.10.17"]
[SourceQuality "1"]

1. d4 Nf6 2. c4 e6 3. Nc3 Bb4 4. e3 0-0 5. a3 Bxc3+ 6. bxc3 c5 7. Bd3 Nc6 8. Ne2 b6 9. e4 d6 10. Bg5 cxd4 11. cxd4 e5 12. 0-0 h6 13. Bh4 g5 14. Bg3 Nh5 15. Rc1 Nf4 16. Bxf4 gxf4 17. c5 f3 18. gxf3 Bh3 19. d5 Nd4 20. Kh1 Bxf1 21. Qxf1 bxc5 22. Qh3 Qf6 23. Nxd4 cxd4 24. Rc7 Rab8 25. Bc2 Rb2 26. a4 Ra2 27. Qg4+ Qg5 28. Kg2 Qxg4+ 29. fxg4 Rb8 0-1

[Event "Riga RTU rapid op"]
[Site "Riga"]
[Date "2019.07.04"]
[Round "6"]
[White "Kantans, Toms"]
[Black "Dubrovin, Robert"]
[Result "1-0"]
[WhiteElo "2471"]
[BlackElo "2282"]
[PlyCount "97"]
[EventDate "2019.07.04"]
[EventType "swiss (rapid)"]
[EventRounds "9"]
[EventCountry "LAT"]
[SourceTitle "EXT 2020"]
[Source "ChessBase"]
[SourceDate "2019.10.17"]
[SourceVersion "1"]
[SourceVersionDate "2019.10.17"]
[SourceQuality "1"]

1. e4 e6 2. c4 d5 3. cxd5 exd5 4. exd5 Nf6 5. Nc3 Nxd5 6. Nf3 Be7 7. d4 0-0 8. Bd3 Nc6 9. 0-0 Bg4 10. h3 Bh5 11. Bxh7+ Kh8 12. Be4 Nf6 13. Bxc6 bxc6 14. g4 Bg6 15. Ne5 c5 16. d5 Bd6 17. Nxg6+ fxg6 18. Qd3 Qe8 19. Bd2 Qe5 20. f4 Qd4+ 21. Qxd4 cxd4 22. Nb5 Nxd5 23. Nxd6 cxd6 24. Rf3 Rae8 25. Kf2 Nf6 26. Rd1 Ne4+ 27. Kg2 Rc8 28. Rd3 Nxd2 29. R1xd2 Rxf4 30. Kg3 Re4 31. Rxd4 Rxd4 32. Rxd4 Rc2 33. Rb4 a5 34. Rb5 Kg8 35. a4 Kf7 36. Kf3 Ke6 37. Ke3 d5 38. Kd3 Rh2 39. Kd4 Rd2+ 40. Ke3 Rh2 41. Kf4 Rf2+ 42. Kg5 Rf6 43. Rxa5 Ke5 44. b4 Ke4 45. Ra8 Rd6 46. a5 d4 47. a6 Rd7 48. a7 Kd5 49. b5 1-0

[Event "Moscow op-A 15th"]
[Site "Moscow"]
[Date "2019.01.29"]
[Round "4"]
[White "Dubrovin, Robert"]
[Black "Faizulaev, Akmal"]
[Result "1-0"]
[WhiteElo "2220"]
[BlackElo "2391"]
[PlyCount "81"]
[EventDate "2019.01.26"]
[EventType "swiss"]
[EventRounds "9"]
[EventCountry "RUS"]
[SourceTitle "CBM 188 Extra"]
[Source "ChessBase"]
[SourceDate "2019.02.26"]
[SourceVersion "1"]
[SourceVersionDate "2019.02.26"]
[SourceQuality "1"]

1. d4 Nf6 2. c4 g6 3. Nf3 Bg7 4. g3 0-0 5. Bg2 d6 6. 0-0 Nc6 7. Nc3 Bg4 8. h3 Bxf3 9. Bxf3 Nd7 10. e3 e5 11. d5 Ne7 12. e4 f5 13. Bg2 a5 14. b3 Kh8 15. a3 Nc5 16. Be3 Na6 17. Rb1 Ng8 18. b4 axb4 19. axb4 Nf6 20. Kh2 Qe7 21. exf5 gxf5 22. f4 Nd7 23. Nb5 Rae8 24. c5 dxc5 25. d6 cxd6 26. Nxd6 Rb8 27. fxe5 Nxb4 28. Nxf5 Qe6 29. Nxg7 Kxg7 30. Bxc5 Nxc5 31. Rxb4 Rxf1 32. Qxf1 Qxe5 33. Rg4+ Kh8 34. Qf7 Rd8 35. Rh4 Qg7 36. Rxh7+ Kxh7 37. Qf5+ Kh8 38. Qxc5 Rd7 39. Qh5+ Kg8 40. Qe8+ Kh7 41. Be4+ 1-0

[Event "Moscow op-A 15th"]
[Site "Moscow"]
[Date "2019.01.27"]
[Round "2"]
[White "Dubrovin, Robert"]
[Black "Fedorov, Alexei"]
[Result "1/2-1/2"]
[WhiteElo "2220"]
[BlackElo "2557"]
[PlyCount "118"]
[EventDate "2019.01.26"]
[EventType "swiss"]
[EventRounds "9"]
[EventCountry "RUS"]
[SourceTitle "CBM 188 Extra"]
[Source "ChessBase"]
[SourceDate "2019.02.26"]
[SourceVersion "1"]
[SourceVersionDate "2019.02.26"]
[SourceQuality "1"]

1. d4 Nf6 2. c4 g6 3. Nf3 Bg7 4. g3 0-0 5. Bg2 d6 6. 0-0 c6 7. Nc3 Qa5 8. e4 Qh5 9. Re1 e5 10. d5 Bg4 11. Qd3 Na6 12. Nh4 g5 13. Nf5 Nc5 14. Qd2 cxd5 15. Nxg7 Kxg7 16. exd5 h6 17. b4 Ncd7 18. c5 Bf3 19. Bb2 a6 20. h3 Bxg2 21. Kxg2 Rac8 22. Na4 g4 23. h4 Qf5 24. Re3 b5 25. Nc3 dxc5 26. bxc5 Nxc5 27. Rae1 Ncd7 28. Ne4 Nxe4 29. Rxe4 f6 30. h5 Rc4 31. Rxc4 bxc4 32. Bc1 Rh8 33. Qa5 Qxh5 34. Qxa6 Qf5 35. Qxc4 h5 36. Qe4 Qxe4+ 37. Rxe4 Nb6 38. d6 Rd8 39. a4 Rxd6 40. Rb4 Nd5 41. Rb7+ Kg6 42. a5 Rc6 43. Rb1 Kf5 44. Ra1 Ra6 45. Ra4 Nc3 46. Ra3 Nb5 47. Ra4 Ke6 48. Bd2 Kd6 49. Ra1 Ra7 50. Kf1 Rh7 51. Ke2 h4 52. gxh4 Rxh4 53. a6 Rh8 54. Kd3 f5 55. a7 Ra8 56. Ra6+ Kc5 57. Ra5 Kb6 58. Ra6+ Kc5 59. Ra5 Kb6 1/2-1/2

[Event "Moscow op-A 15th"]
[Site "Moscow"]
[Date "2019.01.26"]
[Round "1"]
[White "Makhnev, Denis"]
[Black "Dubrovin, Robert"]
[Result "1/2-1/2"]
[WhiteElo "2495"]
[BlackElo "2220"]
[PlyCount "72"]
[EventDate "2019.01.26"]
[EventType "swiss"]
[EventRounds "9"]
[EventCountry "RUS"]
[SourceTitle "CBM 188 Extra"]
[Source "ChessBase"]
[SourceDate "2019.02.26"]
[SourceVersion "1"]
[SourceVersionDate "2019.02.26"]
[SourceQuality "1"]

1. d4 Nf6 2. c4 g6 3. Nc3 Bg7 4. e4 d6 5. Be2 0-0 6. Be3 e5 7. Nf3 exd4 8. Nxd4 Re8 9. f3 c6 10. Nc2 d5 11. cxd5 cxd5 12. exd5 Bf5 13. Bf2 Nxd5 14. Nxd5 Bxc2 15. Qxc2 Qxd5 16. 0-0 Nc6 17. Bc4 Qa5 18. Rad1 Rad8 19. Qb3 Qc7 20. Bd5 Re2 21. Bxc6 bxc6 22. Rxd8+ Qxd8 23. Rd1 Qe8 24. Qa4 h5 25. b3 Rb2 26. Qa6 Qe6 27. Bxa7 Qf5 28. Qxc6 Rb1 29. Qe8+ Kh7 30. Qe1 Rb2 31. Bf2 Rxa2 32. Qf1 Rb2 33. Qc4 Qe6 34. Re1 Qxc4 35. bxc4 Rc2 36. c5 Bf8 1/2-1/2

[Event "Wch Blitz"]
[Site "St Petersburg"]
[Date "2018.12.30"]
[Round "19"]
[White "Dubrovin, Robert"]
[Black "Zakhartsov, Vladimir"]
[Result "0-1"]
[WhiteElo "2220"]
[BlackElo "2486"]
[PlyCount "71"]
[EventDate "2018.12.29"]
[EventType "swiss (blitz)"]
[EventRounds "21"]
[EventCountry "RUS"]
[SourceTitle "CBM 187 Extra"]
[Source "ChessBase"]
[SourceDate "2018.11.04"]
[SourceVersion "1"]
[SourceVersionDate "2018.11.04"]
[SourceQuality "1"]

1. d4 Nf6 2. c4 g6 3. Nc3 d5 4. Nf3 Bg7 5. e3 0-0 6. Be2 c5 7. cxd5 Nxd5 8. Qb3 Nxc3 9. bxc3 Nc6 10. 0-0 cxd4 11. cxd4 e5 12. Ba3 Re8 13. dxe5 Nxe5 14. Rad1 Qf6 15. Nxe5 Qxe5 16. Bf3 Qf6 17. Rd2 Qc3 18. Qxc3 Bxc3 19. Rc2 Be5 20. Rb1 Rb8 21. Rb5 Bf5 22. e4 Bd7 23. Rxe5 Rxe5 24. Bd6 Rb5 25. g3 Rc8 26. Rd2 Bh3 27. Rd1 Rb2 28. g4 Rxa2 29. Bg3 Rac2 30. Bf4 a5 31. e5 Kg7 32. Bxb7 R8c4 33. Be3 Rxg4+ 34. Kh1 Rb4 35. f4 Rxb7 36. Bc1 0-1

[Event "Wch Blitz"]
[Site "St Petersburg"]
[Date "2018.12.29"]
[Round "7"]
[White "Dubrovin, Robert"]
[Black "Potkin, Vladimir"]
[Result "0-1"]
[WhiteElo "2220"]
[BlackElo "2597"]
[PlyCount "106"]
[EventDate "2018.12.29"]
[EventType "swiss (blitz)"]
[EventRounds "21"]
[EventCountry "RUS"]
[SourceTitle "CBM 187 Extra"]
[Source "ChessBase"]
[SourceDate "2018.11.04"]
[SourceVersion "1"]
[SourceVersionDate "2018.11.04"]
[SourceQuality "1"]

1. d4 Nf6 2. c4 e6 3. Nc3 Bb4 4. e3 0-0 5. a3 Bxc3+ 6. bxc3 b6 7. Bd3 Ba6 8. e4 Ne8 9. f4 Nc6 10. Nf3 Na5 11. Qe2 f5 12. e5 d5 13. cxd5 Bxd3 14. Qxd3 Qxd5 15. a4 c5 16. 0-0 Nc7 17. Be3 Rfd8 18. Rad1 Qc4 19. Qxc4 Nxc4 20. Bf2 cxd4 21. Nxd4 Kf7 22. Nc6 Rd5 23. Nb4 Rdd8 24. Nc6 Rxd1 25. Rxd1 Nd5 26. Nb4 Nxf4 27. Rd7+ Kg6 28. Nc6 a5 29. Nd4 Re8 30. Rb7 Nd5 31. Nb5 Nxe5 32. Bxb6 Nxb6 33. Rxb6 f4 34. Nd4 Kf6 35. Ra6 Nc4 36. Rc6 Ne3 37. Kf2 g5 38. Kf3 Nf5 39. Nb5 Rd8 40. Nc7 Rd3+ 41. Kf2 Nd6 42. c4 Ke7 43. c5 Ne4+ 44. Ke2 Re3+ 45. Kd1 Kd7 46. Rxe6 Kxc7 47. Re7+ Kc6 48. Rxh7 Kxc5 49. h4 g4 50. h5 f3 51. gxf3 gxf3 52. Rf7 f2 53. h6 Re1+ 0-1

[Event "Wch Blitz"]
[Site "St Petersburg"]
[Date "2018.12.29"]
[Round "2"]
[White "Geller, Jakov"]
[Black "Dubrovin, Robert"]
[Result "1-0"]
[WhiteElo "2518"]
[BlackElo "2220"]
[PlyCount "45"]
[EventDate "2018.12.29"]
[EventType "swiss (blitz)"]
[EventRounds "21"]
[EventCountry "RUS"]
[SourceTitle "CBM 187 Extra"]
[Source "ChessBase"]
[SourceDate "2018.11.04"]
[SourceVersion "1"]
[SourceVersionDate "2018.11.04"]
[SourceQuality "1"]

1. c4 Nf6 2. Nc3 g6 3. d4 Bg7 4. Nf3 0-0 5. Bf4 d6 6. e3 Nh5 7. Bg5 h6 8. Bh4 g5 9. Nd2 Nf6 10. Bg3 c5 11. d5 e6 12. h4 g4 13. Bd3 a6 14. a4 exd5 15. cxd5 Qc7 16. Nc4 Ne8 17. Ne4 Be5 18. Nxe5 dxe5 19. d6 Qc6 20. Bxe5 f5 21. Ng3 Qxg2 22. Bc4+ Kh7 23. Bd5 1-0

[Event "Wch Blitz"]
[Site "St Petersburg"]
[Date "2018.12.29"]
[Round "6"]
[White "Zaitsev, Alexander"]
[Black "Dubrovin, Robert"]
[Result "0-1"]
[WhiteElo "2473"]
[BlackElo "2220"]
[PlyCount "112"]
[EventDate "2018.12.29"]
[EventType "swiss (blitz)"]
[EventRounds "21"]
[EventCountry "RUS"]
[SourceTitle "CBM 187 Extra"]
[Source "ChessBase"]
[SourceDate "2018.11.04"]
[SourceVersion "1"]
[SourceVersionDate "2018.11.04"]
[SourceQuality "1"]

1. e4 e6 2. d4 d5 3. Nc3 Bb4 4. e5 Ne7 5. Bd2 c5 6. a3 Bxc3 7. Bxc3 cxd4 8. Qxd4 Nbc6 9. Qg4 Nf5 10. Nf3 h5 11. Qf4 Qb6 12. Bd3 d4 13. Bd2 Qxb2 14. 0-0 Qb6 15. Bxf5 exf5 16. Qg5 Be6 17. Rab1 Qc7 18. Rfe1 g6 19. Qf6 Kd7 20. Red1 Rad8 21. Bb4 Nxb4 22. Rxb4 Kc8 23. Rbxd4 Qb6 24. h4 Rxd4 25. Nxd4 Rd8 26. c3 Qc7 27. Rd3 a6 28. Re3 Qd7 29. Kh2 Qd5 30. g3 Kb8 31. Qe7 Rd7 32. Qb4 Ka7 33. a4 Rc7 34. a5 Qc5 35. Nxe6 fxe6 36. Qa4 Qc6 37. Qb4 Qc5 38. Qa4 Qc4 39. Qa3 f4 40. Rf3 fxg3+ 41. Rxg3 Qxh4+ 42. Kg2 Qe4+ 43. Kh2 Qxe5 44. Qb4 Rc6 45. Kg2 g5 46. Re3 Qd5+ 47. Kg1 Qd1+ 48. Kg2 Qg4+ 49. Qxg4 hxg4 50. Kg3 Rc4 51. Rxe6 Rxc3+ 52. Kxg4 Rc5 53. Rg6 Rxa5 54. Rxg5 Rxg5+ 55. Kxg5 a5 56. Kf4 a4 0-1

[Event "Wch Blitz"]
[Site "St Petersburg"]
[Date "2018.12.29"]
[Round "4"]
[White "Zhigalko, Andrey"]
[Black "Dubrovin, Robert"]
[Result "0-1"]
[WhiteElo "2545"]
[BlackElo "2220"]
[PlyCount "130"]
[EventDate "2018.12.29"]
[EventType "swiss (blitz)"]
[EventRounds "21"]
[EventCountry "RUS"]
[SourceTitle "CBM 187 Extra"]
[Source "ChessBase"]
[SourceDate "2018.11.04"]
[SourceVersion "1"]
[SourceVersionDate "2018.11.04"]
[SourceQuality "1"]

1. e4 e6 2. d4 d5 3. exd5 exd5 4. Nf3 Bd6 5. c4 Nf6 6. Nc3 0-0 7. cxd5 Re8+ 8. Be2 Nbd7 9. 0-0 Nb6 10. Bg5 h6 11. Bh4 Be7 12. Ne5 Nfxd5 13. Bg3 Be6 14. Re1 c6 15. Bd3 Nxc3 16. bxc3 Nd5 17. Qc2 Nf6 18. Rad1 Qa5 19. Re2 Rad8 20. Rde1 Qa3 21. Re3 c5 22. c4 Qa5 23. d5 Bc8 24. h3 Bd6 25. R1e2 Qc7 26. f4 Nh5 27. Bh2 Re7 28. g4 Nf6 29. Bg3 Nd7 30. Kg2 Rde8 31. Qc3 f6 32. Nxd7 Rxe3 33. Rxe3 Rxe3 34. Bh7+ Kxh7 35. Nxf6+ gxf6 36. Qxe3 Qe7 37. Qd3+ Kg7 38. Kf3 Bd7 39. Bh4 a6 40. Be1 b5 41. Bc3 bxc4 42. Qxc4 Bb5 43. Qe4 Qxe4+ 44. Kxe4 Kf7 45. h4 Be2 46. g5 fxg5 47. fxg5 h5 48. Be5 Bxe5 49. Kxe5 c4 50. Kd4 Bd3 51. a3 Ke7 52. a4 a5 53. g6 Bxg6 54. Kxc4 Kd6 55. Kb5 Bc2 56. Kxa5 Kxd5 57. Kb4 Ke5 58. a5 Kf4 59. Kc3 Be4 60. Kd4 Ba8 61. a6 Kg4 62. Ke3 Kxh4 63. Kf4 Bc6 64. a7 Ba8 65. Ke5 Kg5 0-1

[Event "Wch Rapid"]
[Site "St Petersburg"]
[Date "2018.12.28"]
[Round "13"]
[White "Dubrovin, Robert"]
[Black "Apryshko, Gleb"]
[Result "0-1"]
[WhiteElo "2220"]
[BlackElo "2385"]
[PlyCount "98"]
[EventDate "2018.12.26"]
[EventType "swiss (rapid)"]
[EventRounds "15"]
[EventCountry "RUS"]
[SourceTitle "CBM 187 Extra"]
[Source "ChessBase"]
[SourceDate "2018.11.04"]
[SourceVersion "1"]
[SourceVersionDate "2018.11.04"]
[SourceQuality "1"]

1. d4 g6 2. c4 Bg7 3. Nc3 c5 4. d5 Bxc3+ 5. bxc3 f5 6. g3 Qa5 7. Qb3 Nf6 8. Nh3 d6 9. Bg2 Nbd7 10. 0-0 Nb6 11. a4 Qa6 12. Nf4 Nxc4 13. Rd1 Na5 14. Qc2 Qc4 15. Ra3 Qa6 16. h4 Bd7 17. Bf1 Nc4 18. Ra2 Ne5 19. e4 c4 20. Ne6 Bxe6 21. dxe6 fxe4 22. Bg5 Nd3 23. Qe2 d5 24. Bh3 Rf8 25. Bh6 0-0-0 26. Bxf8 Rxf8 27. Qe3 Kb8 28. Rb1 Rc8 29. Qd4 Rc5 30. Bf1 Ra5 31. Bxd3 cxd3 32. Rb4 Qxe6 33. Rab2 Qd6 34. Rxb7+ Kc8 35. Rxa7 e5 36. Qe3 d4 37. cxd4 Rxa7 38. dxe5 Qxe5 39. Rb5 Qe7 40. Qb6 Rc7 41. Rb2 Qe5 42. a5 e3 43. a6 Qxb2 44. Qxb2 d2 45. a7 d1Q+ 46. Kg2 Qd5+ 47. Kh2 Ng4+ 48. Kh3 Nxf2+ 49. Kh2 Qh1# 0-1

[Event "Wch Rapid"]
[Site "St Petersburg"]
[Date "2018.12.26"]
[Round "3"]
[White "Dubrovin, Robert"]
[Black "Vaisser, Anatoli"]
[Result "0-1"]
[WhiteElo "2220"]
[BlackElo "2505"]
[PlyCount "110"]
[EventDate "2018.12.26"]
[EventType "swiss (rapid)"]
[EventRounds "15"]
[EventCountry "RUS"]
[SourceTitle "CBM 187 Extra"]
[Source "ChessBase"]
[SourceDate "2018.11.04"]
[SourceVersion "1"]
[SourceVersionDate "2018.11.04"]
[SourceQuality "1"]

1. d4 Nf6 2. c4 c5 3. d5 b5 4. cxb5 a6 5. bxa6 g6 6. Nc3 Bg7 7. e4 0-0 8. Be2 Qa5 9. Bd2 Bxa6 10. Nf3 d6 11. 0-0 Nfd7 12. Qc2 Bxe2 13. Nxe2 Qa4 14. b3 Qa6 15. Bc3 Nf6 16. a4 Nbd7 17. Ng3 Rfb8 18. Nd2 Ng4 19. Bxg7 Kxg7 20. Qc3+ Kg8 21. Rac1 Nge5 22. f4 Nd3 23. Rc2 Nb4 24. Rb2 Qd3 25. Rf3 Qxc3 26. Rxc3 f5 27. exf5 Nxd5 28. Rd3 Nxf4 29. Rf3 Ne5 30. Rxf4 Nd3 31. Re4 Nxb2 32. Rxe7 Re8 33. Rd7 Rad8 34. Rc7 Re1+ 35. Kf2 Nd3+ 36. Kf3 Rf8 37. a5 Ne5+ 38. Kf4 Rf7 39. Rc8+ Kg7 40. Nde4 Nd3+ 41. Kf3 Rd7 42. f6+ Kh6 43. h4 Ne5+ 44. Kf4 Nd3+ 45. Kf3 Rf7 46. Rd8 Ne5+ 47. Kf4 Nd7 48. a6 Nxf6 49. Nxd6 Nh5+ 50. Kg4 Rf4+ 51. Kh3 Re3 52. a7 Nxg3 53. a8Q Ne4+ 54. g3 Rxg3+ 55. Kh2 Rxh4# 0-1

[Event "Puhajarve rap op 19th"]
[Site "Puhajarve"]
[Date "2018.11.25"]
[Round "31"]
[White "Kiik, Kalle"]
[Black "Dubrovin, Robert"]
[Result "1-0"]
[WhiteElo "2411"]
[BlackElo "2220"]
[PlyCount "115"]
[EventDate "2018.11.23"]
[EventType "tourn (rapid)"]
[EventRounds "35"]
[EventCountry "EST"]
[SourceTitle "CBM 187 Extra"]
[Source "ChessBase"]
[SourceDate "2018.11.04"]
[SourceVersion "1"]
[SourceVersionDate "2018.11.04"]
[SourceQuality "1"]

1. e4 e6 2. d4 d5 3. Nd2 a6 4. Ngf3 c5 5. c3 Nc6 6. Bd3 cxd4 7. cxd4 dxe4 8. Nxe4 Bb4+ 9. Nc3 Nf6 10. 0-0 0-0 11. Bg5 Be7 12. Rc1 b5 13. Nxb5 axb5 14. Rxc6 Bb7 15. Rc2 Rxa2 16. Bxb5 Ra5 17. Bc6 Qb6 18. Bxb7 Qxb7 19. Qe2 Rfa8 20. Rfc1 Ra1 21. Qd1 R1a7 22. h3 h6 23. Bf4 Nd5 24. Bg3 Ra2 25. Qe2 Bf6 26. Ne5 Ra1 27. Kh2 Rxc1 28. Rxc1 Ra2 29. Rc2 Ra4 30. Nc6 Ra1 31. Be5 Qb3 32. Bxf6 Nxf6 33. Rc3 Qa2 34. Ra3 Qb1 35. Rxa1 Qxa1 36. b4 Qc1 37. b5 Nd5 38. g3 Qb1 39. Kg2 Qb3 40. Ne5 Nc3 41. Qf3 Qb4 42. Qxf7+ Kh7 43. Qg6+ Kg8 44. Qxe6+ Kh7 45. Qc4 Qb2 46. Qd3+ Kg8 47. h4 Nxb5 48. Qc4+ Kh7 49. Nf3 Qb1 50. h5 Nd6 51. Qd5 Ne4 52. Qf5+ Kg8 53. d5 Qc2 54. Ne5 Qe2 55. Qf7+ Kh7 56. Qf5+ Kg8 57. Qf3 Qe1 58. Nd3 1-0

[Event "Puhajarve rap op 19th"]
[Site "Puhajarve"]
[Date "2018.11.24"]
[Round "13"]
[White "Dubrovin, Robert"]
[Black "Ehlvest, Jaan"]
[Result "1/2-1/2"]
[WhiteElo "2220"]
[BlackElo "2532"]
[PlyCount "86"]
[EventDate "2018.11.23"]
[EventType "tourn (rapid)"]
[EventRounds "35"]
[EventCountry "EST"]
[SourceTitle "CBM 187 Extra"]
[Source "ChessBase"]
[SourceDate "2018.11.04"]
[SourceVersion "1"]
[SourceVersionDate "2018.11.04"]
[SourceQuality "1"]

1. d4 Nf6 2. c4 d6 3. Nf3 Nbd7 4. Nc3 g6 5. e4 e5 6. Be2 Bg7 7. 0-0 0-0 8. d5 Nc5 9. Qc2 a5 10. Bg5 h6 11. Be3 b6 12. Nd2 Ng4 13. Bxg4 Bxg4 14. a3 f5 15. f3 Bh5 16. b4 Nd7 17. Nb5 f4 18. Bf2 g5 19. c5 bxc5 20. bxc5 dxc5 21. Bxc5 Rf7 22. Bf2 Nf8 23. Rfc1 g4 24. fxg4 Bxg4 25. Nf3 Nh7 26. Qc6 Bxf3 27. gxf3 Qg5+ 28. Kf1 Rb8 29. h4 Qh5 30. Ke2 Nf6 31. Rc4 Ne8 32. Rg1 Nd6 33. Nxd6 cxd6 34. Rc2 Rb3 35. Rg4 Kh7 36. Qxd6 Rfb7 37. Qc6 Rb2 38. Rxb2 Rxb2+ 39. Kf1 Qf7 40. Qc8 Rb3 41. Kg2 Rxa3 42. Qc5 Ra2 43. Qc4 Rb2 1/2-1/2

[Event "Puhajarve rap op 19th"]
[Site "Puhajarve"]
[Date "2018.11.24"]
[Round "11"]
[White "Dubrovin, Robert"]
[Black "Seeman, Tarvo"]
[Result "1-0"]
[WhiteElo "2220"]
[BlackElo "2403"]
[PlyCount "95"]
[EventDate "2018.11.23"]
[EventType "tourn (rapid)"]
[EventRounds "35"]
[EventCountry "EST"]
[SourceTitle "CBM 187 Extra"]
[Source "ChessBase"]
[SourceDate "2018.11.04"]
[SourceVersion "1"]
[SourceVersionDate "2018.11.04"]
[SourceQuality "1"]

1. d4 d5 2. c4 dxc4 3. Nf3 a6 4. e3 Bg4 5. Bxc4 e6 6. h3 Bh5 7. Nc3 Nc6 8. 0-0 Nf6 9. Be2 Bd6 10. b3 0-0 11. Bb2 Qe8 12. Rc1 Rd8 13. Nd2 Bxe2 14. Qxe2 Nd5 15. Nde4 f5 16. Nc5 Bxc5 17. dxc5 f4 18. Rfd1 Qg6 19. Kh2 fxe3 20. fxe3 Nce7 21. Rd4 Nxc3 22. Bxc3 Rxd4 23. Bxd4 Qe4 24. Qc2 Qxc2 25. Rxc2 Nc6 26. Bc3 Rf5 27. b4 Rd5 28. Kg3 Kf7 29. Kf3 h5 30. a4 Ne7 31. g4 hxg4+ 32. hxg4 a5 33. Ke4 axb4 34. Bxb4 Nc6 35. Ba3 Re5+ 36. Kf3 Rd5 37. Rb2 Rd3 38. Rxb7 Ne7 39. Bb2 Nd5 40. a5 Rxe3+ 41. Kf2 Rh3 42. a6 Rh8 43. a7 Ra8 44. c6 e5 45. Bxe5 Ke6 46. Bd4 Nb6 47. Rxc7 Nc4 48. Rb7 1-0